[Event "LSS No Engine Cup 111 Final"]
[Site "LSS email"]
[Date "2015.03.09"]
[Round "?"]
[White "Owens, Johnny"]
[Black "Lacunza, Mario"]
[Result "1/2-1/2"]
[WhiteElo "2068"]
[BlackElo "2156"]
[PlyCount "141"]
[EventDate "2015.03.10"]
[EventType "tourn (corr)"]
[EventRounds "6"]
[EventCountry "GER"]
[SourceTitle "Corr 2022"]
[Source "ChessBase"]
[SourceDate "2021.10.24"]
[SourceVersion "1"]
[SourceVersionDate "2021.10.24"]
[SourceQuality "1"]

1. d4 Nf6 2. Nf3 e6 3. Bg5 Be7 4. e3 0-0 5. c4 h6 6. Bh4 c5 7. Nc3 cxd4 8. Nxd4 d5 9. cxd5 Nxd5 10. Bxe7 Nxe7 11. Rc1 Nbc6 12. Nxc6 Nxc6 13. Be2 Qb6 14. Qc2 Bd7 15. 0-0 Ne7 16. Qb1 a5 17. Bd3 Bc6 18. Rfd1 Rfd8 19. a3 Nd5 20. h3 Rac8 21. Nxd5 Bxd5 22. b4 axb4 23. axb4 Rxc1 24. Rxc1 Qd6 25. Bh7+ Kf8 26. Be4 Qe5 27. Bxd5 Rxd5 28. Rc8+ Ke7 29. g3 Rd2 30. Rc5 Qf6 31. Qe1 Qb2 32. Rc7+ Kf6 33. Rxb7 Rc2 34. Rd7 Rc1 35. Rd1 Rxd1 36. Qxd1 Qxb4 37. Qf3+ Ke7 38. h4 g6 39. e4 Qd4 40. Qa3+ Kf6 41. Qf8 Qxe4 42. Qxh6 Qd5 43. Qh8+ Ke7 44. Qc8 Qd1+ 45. Kg2 Qd5+ 46. f3 Qa2+ 47. Kh3 Qd2 48. Qc5+ Kf6 49. f4 Kg7 50. Qe5+ Kg8 51. Qf6 Qd5 52. Kh2 Qa2+ 53. Kh3 Qd5 54. Kh2 Qa2+ 55. Kh3 Qc4 56. Kg4 Qe2+ 57. Kh3 Qf1+ 58. Kg4 Qe2+ 59. Kh3 Qd2 60. Kg4 Qd1+ 61. Kh3 Qd3 62. Qe7 Qf1+ 63. Kg4 Qe2+ 64. Kh3 Kg7 65. Qc5 Qf1+ 66. Kg4 Qd1+ 67. Kh3 Qh1+ 68. Kg4 Qd1+ 69. Kh3 Qh1+ 70. Kg4 Qd1+ 71. Kh3 1/2-1/2

[Event "LSS No Engine Cup 102 Final"]
[Site "LSS email"]
[Date "2014.07.30"]
[Round "?"]
[White "Jenneborg, Seved"]
[Black "Lacunza, Mario"]
[Result "1-0"]
[WhiteElo "1678"]
[BlackElo "1856"]
[PlyCount "59"]
[EventDate "2014.07.31"]
[EventType "tourn (corr)"]
[EventRounds "6"]
[EventCountry "GER"]
[SourceTitle "Corr 2015"]
[Source "ChessBase"]
[SourceDate "2015.07.17"]
[SourceVersion "1"]
[SourceVersionDate "2015.07.17"]
[SourceQuality "1"]

1. d4 Nf6 2. Nf3 e6 3. e3 Be7 4. Bd3 d5 5. 0-0 0-0 6. a3 b6 7. b3 c5 8. c4 Nbd7 9. cxd5 Nxd5 10. e4 N5f6 11. Qc2 cxd4 12. e5 Nd5 13. Bxh7+ Kh8 14. Bd3 Bb7 15. Qd1 Nc5 16. Bc4 Nc3 17. Nxc3 dxc3 18. Nd4 Qc7 19. Re1 Rfd8 20. Qg4 Bd5 21. Bxd5 Rxd5 22. Nb5 Qd7 23. Nxc3 Rd3 24. Ne4 Nxb3 25. Bg5 Bxg5 26. Qxg5 f5 27. Qh5+ Kg8 28. Ng5 Rc8 29. Qh7+ Kf8 30. Qh8+ 1-0

[Event "LSS No Engine Cup 102 Final"]
[Site "LSS email"]
[Date "2014.07.30"]
[Round "?"]
[White "Kolanek, Roman"]
[Black "Lacunza, Mario"]
[Result "1/2-1/2"]
[WhiteElo "1916"]
[BlackElo "1856"]
[PlyCount "51"]
[EventDate "2014.07.31"]
[EventType "tourn (corr)"]
[EventRounds "6"]
[EventCountry "GER"]
[SourceTitle "Corr 2015"]
[Source "ChessBase"]
[SourceDate "2015.07.17"]
[SourceVersion "1"]
[SourceVersionDate "2015.07.17"]
[SourceQuality "1"]

1. d4 Nf6 2. c4 e6 3. Nc3 Bb4 4. Nf3 c5 5. e3 Bxc3+ 6. bxc3 b6 7. Bd3 Bb7 8. Nd2 Nc6 9. Bb2 d6 10. 0-0 0-0 11. Re1 Qc7 12. f4 Ne7 13. Qe2 Ng6 14. g3 Rab8 15. a4 Rfd8 16. e4 Re8 17. Rf1 Rbd8 18. e5 Nd7 19. Nf3 f5 20. exf6 Nxf6 21. Ng5 Qc6 22. Qf3 Qxf3 23. Nxf3 Bxf3 24. Rxf3 e5 25. Bxg6 hxg6 26. fxe5 1/2-1/2

[Event "LSS No Engine Cup 102 Final"]
[Site "LSS email"]
[Date "2014.07.30"]
[Round "?"]
[White "Lacunza, Mario"]
[Black "Vysotskiy, Evgeniy"]
[Result "1/2-1/2"]
[WhiteElo "1856"]
[BlackElo "1798"]
[PlyCount "121"]
[EventDate "2014.07.31"]
[EventType "tourn (corr)"]
[EventRounds "6"]
[EventCountry "GER"]
[SourceTitle "Corr 2015"]
[Source "ChessBase"]
[SourceDate "2015.07.17"]
[SourceVersion "1"]
[SourceVersionDate "2015.07.17"]
[SourceQuality "1"]

1. d4 d5 2. c4 e6 3. Nf3 Nf6 4. Nc3 Be7 5. Bg5 h6 6. Bxf6 Bxf6 7. e3 0-0 8. Rc1 Nc6 9. Be2 b6 10. 0-0 Bb7 11. cxd5 exd5 12. Qa4 a6 13. Rfd1 Re8 14. a3 b5 15. Qc2 Na5 16. Na2 Re7 17. Nb4 Nc4 18. a4 Qd6 19. Nd3 Qb6 20. Nf4 Bg5 21. Nxg5 hxg5 22. Nd3 bxa4 23. Qxa4 Rb8 24. b3 Bc6 25. Qa1 Nd6 26. Qa3 Be8 27. Bf3 Qxb3 28. Qxb3 Rxb3 29. Bxd5 Rb5 30. Nc5 Rb6 31. Ra1 Bb5 32. Rdc1 Kh7 33. h3 f5 34. g3 Kh6 35. Bf3 g6 36. Kg2 Kg7 37. Ra3 Bc4 38. Rac3 Rb4 39. Nb7 g4 40. hxg4 fxg4 41. Bc6 Bb5 42. Nd8 Bc4 43. Kg1 Rb8 44. Nb7 Be2 45. Nc5 Rb6 46. Bd5 Kh6 47. Kg2 Rb2 48. Nd3 Bxd3 49. Rxd3 a5 50. Ra3 Re8 51. Ra2 Rxa2 52. Bxa2 a4 53. Rxc7 Rf8 54. Bd5 a3 55. Rc6 Nb5 56. Kf1 Rd8 57. Ba2 Kg7 58. Ke1 Rh8 59. Ke2 Rh1 60. Bb3 Rb1 61. Bd5 1/2-1/2

[Event "LSS No Engine Cup 102 Final"]
[Site "LSS email"]
[Date "2014.07.30"]
[Round "?"]
[White "Novikov, Konstantin"]
[Black "Lacunza, Mario"]
[Result "1/2-1/2"]
[WhiteElo "1773"]
[BlackElo "1856"]
[PlyCount "50"]
[EventDate "2014.07.31"]
[EventType "tourn (corr)"]
[EventRounds "6"]
[EventCountry "GER"]
[SourceTitle "Corr 2015"]
[Source "ChessBase"]
[SourceDate "2015.07.17"]
[SourceVersion "1"]
[SourceVersionDate "2015.07.17"]
[SourceQuality "1"]

1. d4 Nf6 2. Nf3 e6 3. e3 Be7 4. Be2 c5 5. 0-0 0-0 6. c4 d5 7. Nc3 cxd4 8. exd4 Nc6 9. Bf4 dxc4 10. Bxc4 b6 11. a3 Bb7 12. Rc1 Rc8 13. Qd3 Bd6 14. Be3 Ne7 15. Ba6 Rxc3 16. bxc3 Bxf3 17. gxf3 Nfd5 18. Kh1 Nf5 19. Qe4 Qb8 20. Bd2 Bxh2 21. c4 Nf6 22. Qb7 Nxd4 23. Qxb8 Bxb8 24. Bb4 Rd8 25. Rfd1 Bf4 1/2-1/2

[Event "LSS No Engine Cup 111 Preliminary 0"]
[Site "LSS email"]
[Date "2014.06.02"]
[Round "?"]
[White "Pehl, Ferenc"]
[Black "Lacunza, Mario"]
[Result "0-1"]
[WhiteElo "1292"]
[BlackElo "2174"]
[PlyCount "32"]
[EventDate "2014.06.03"]
[EventType "tourn (corr)"]
[EventRounds "6"]
[EventCountry "GER"]
[SourceTitle "Corr 2022"]
[Source "ChessBase"]
[SourceDate "2021.10.24"]
[SourceVersion "1"]
[SourceVersionDate "2021.10.24"]
[SourceQuality "1"]

1. e4 e5 2. f4 exf4 3. Nf3 d6 4. h3 Be7 5. d4 Bh4+ 6. Ke2 Bg3 7. c4 f5 8. exf5 Nf6 9. Qd3 Qe7+ 10. Kd2 Ne4+ 11. Kc2 Bxf5 12. b3 0-0 13. Kb2 Nf2 14. Qd2 Nxh1 15. Nc3 Nf2 16. Ne2 Nd3+ 0-1

[Event "BI-2014-P-0000"]
[Site "LSS email"]
[Date "2014.04.19"]
[Round "?"]
[White "Laffont, Jose Eduardo Alfred"]
[Black "Lacunza, Mario"]
[Result "1/2-1/2"]
[WhiteElo "1622"]
[BlackElo "1852"]
[PlyCount "110"]
[EventDate "2014.04.25"]
[EventType "tourn (corr)"]
[EventRounds "10"]
[EventCountry "GER"]
[SourceTitle "Corr 2022"]
[Source "ChessBase"]
[SourceDate "2021.10.24"]
[SourceVersion "1"]
[SourceVersionDate "2021.10.24"]
[SourceQuality "1"]

1. e4 e5 2. Nf3 Nf6 3. d4 Nxe4 4. Bd3 d5 5. Nxe5 Bd6 6. 0-0 0-0 7. Nc3 Nxc3 8. bxc3 Nd7 9. Re1 c6 10. Qf3 Nxe5 11. dxe5 Re8 12. Qg3 Bf8 13. Bd2 Be6 14. h4 Kh8 15. a4 Be7 16. Rab1 Rb8 17. h5 h6 18. Be3 b6 19. Bf4 Bc5 20. Red1 Qe7 21. Bd2 Qd7 22. Bf4 Rbd8 23. Re1 Bg4 24. Qh4 Qe6 25. Be3 Be7 26. Qh2 c5 27. f3 Bf5 28. Bb5 Rf8 29. Bd3 Qd7 30. Qg3 Be6 31. Rb5 c4 32. Be2 Bf5 33. Bd4 f6 34. f4 Qc6 35. Bg4 Bxc2 36. e6 Rfe8 37. Qf2 Be4 38. f5 Bd6 39. Qe3 Kh7 40. Qh3 Bc5 41. Bxc5 bxc5 42. Qe3 Rc8 43. Qf4 a6 44. Rb2 Qxa4 45. Rb7 Rg8 46. Bf3 Bxf3 47. Qxf3 d4 48. Rd7 Qb3 49. Kh2 a5 50. Rb7 Qa4 51. Rf7 Qb5 52. Qg4 Qb8+ 53. Kh3 Qb2 54. Qg6+ Kh8 55. Re4 Qb1 1/2-1/2

[Event "BI-2013-F-0013"]
[Site "LSS email"]
[Date "2014.02.21"]
[Round "?"]
[White "Lacunza, Mario"]
[Black "Mueller, Bernd"]
[Result "1-0"]
[WhiteElo "1856"]
[BlackElo "1535"]
[PlyCount "87"]
[EventDate "2014.02.27"]
[EventType "tourn (corr)"]
[EventRounds "10"]
[EventCountry "GER"]
[SourceTitle "Corr 2015"]
[Source "ChessBase"]
[SourceDate "2015.07.17"]
[SourceVersion "1"]
[SourceVersionDate "2015.07.17"]
[SourceQuality "1"]

1. e4 a6 2. d4 c5 3. d5 e5 4. c4 d6 5. Bd3 Nd7 6. Ne2 g6 7. 0-0 Ne7 8. Nbc3 Bg7 9. Ng3 0-0 10. f3 Nf6 11. Be3 Bd7 12. a3 b6 13. Qd2 Rb8 14. Rf2 h5 15. Rb1 h4 16. Nge2 h3 17. g3 Qc7 18. b4 Nc8 19. Rff1 Ne7 20. g4 Nh7 21. Kh1 f6 22. Ng1 Rfe8 23. Nxh3 g5 24. Rb3 Nf8 25. Rfb1 Nfg6 26. Qb2 Ra8 27. bxc5 bxc5 28. Rb7 Qd8 29. Bc2 Bc8 30. Rb6 Rf8 31. Ba4 Qc7 32. Nf2 Nh4 33. Qe2 Neg6 34. Nd3 Rd8 35. Bf2 Bd7 36. Rb7 Qc8 37. Qd1 Bh6 38. Bxh4 gxh4 39. R1b6 Ne7 40. Qb3 Bxa4 41. Nxa4 Bf8 42. g5 Rd7 43. gxf6 Rxb7 44. Rxb7 1-0

[Event "BI-2013-F-0013"]
[Site "LSS email"]
[Date "2014.02.21"]
[Round "?"]
[White "Lacunza, Mario"]
[Black "Sikorski, Roman"]
[Result "1/2-1/2"]
[WhiteElo "1856"]
[BlackElo "1776"]
[PlyCount "108"]
[EventDate "2014.02.27"]
[EventType "tourn (corr)"]
[EventRounds "10"]
[EventCountry "GER"]
[SourceTitle "Corr 2015"]
[Source "ChessBase"]
[SourceDate "2015.07.17"]
[SourceVersion "1"]
[SourceVersionDate "2015.07.17"]
[SourceQuality "1"]

1. e4 c5 2. Nf3 Nc6 3. d4 cxd4 4. Nxd4 a6 5. Nc3 e6 6. Be2 d6 7. Nxc6 bxc6 8. 0-0 Ne7 9. Bg5 h6 10. Be3 Rb8 11. b3 Ng6 12. f4 Be7 13. Qd2 0-0 14. Rad1 Re8 15. Na4 Qc7 16. Bh5 c5 17. f5 Ne5 18. f6 Bxf6 19. Qxd6 Qxd6 20. Rxd6 c4 21. Bd4 Nd7 22. Be2 cxb3 23. axb3 Rb4 24. Rd1 Be7 25. Rc6 Bg5 26. Bc3 Rxe4 27. Bf3 Re3 28. Rc7 Nf6 29. Bxf6 gxf6 30. Kf2 Re5 31. Rd3 Rb5 32. g3 Rf8 33. Bh5 Kg7 34. Bxf7 Rxf7 35. Rxc8 Rf5+ 36. Kg2 Re5 37. Nc5 a5 38. h4 Be3 39. Nd7 Re4 40. Kf3 f5 41. Rc4 Rxc4 42. bxc4 f4 43. g4 e5 44. Nxe5 Rc7 45. Ra3 Bd2 46. g5 hxg5 47. hxg5 Re7 48. Ng4 Bb4 49. Ra2 Rc7 50. Ne5 Rc5 51. Kxf4 Bc3 52. Nd3 Rxc4+ 53. Kf5 Bb4 54. Rb2 Rc3 1/2-1/2

[Event "BI-2013-F-0013"]
[Site "LSS email"]
[Date "2014.02.21"]
[Round "?"]
[White "Perez, Alberto F"]
[Black "Lacunza, Mario"]
[Result "1-0"]
[WhiteElo "1816"]
[BlackElo "1856"]
[PlyCount "73"]
[EventDate "2014.02.27"]
[EventType "tourn (corr)"]
[EventRounds "10"]
[EventCountry "GER"]
[SourceTitle "Corr 2015"]
[Source "ChessBase"]
[SourceDate "2015.07.17"]
[SourceVersion "1"]
[SourceVersionDate "2015.07.17"]
[SourceQuality "1"]

1. e4 e5 2. Nf3 Nf6 3. d4 Nxe4 4. Bd3 d5 5. dxe5 Be7 6. 0-0 0-0 7. h3 Nc5 8. Nc3 Nxd3 9. Qxd3 c6 10. Be3 Na6 11. Rae1 Nc5 12. Bxc5 Bxc5 13. Ne2 a5 14. Qd2 Bf5 15. Nfd4 Bd7 16. Nf4 Qg5 17. Re2 Rfe8 18. Rfe1 Qh6 19. g4 Qh4 20. c3 a4 21. Qd3 Rf8 22. Nh5 Bc8 23. Kg2 Qd8 24. f4 b6 25. Rc2 Qh4 26. Nf3 Qd8 27. f5 h6 28. f6 g6 29. e6 Bxe6 30. Rxe6 Bd6 31. Qe3 Kh7 32. Re7 Bc5 33. Qe2 b5 34. Nh4 d4 35. Nf4 d3 36. Qe4 Bxe7 37. fxe7 1-0

[Event "CP-2012-Q-00008"]
[Site "LSS email"]
[Date "2013.12.17"]
[Round "?"]
[White "Lacunza, Mario"]
[Black "Onder, Evren"]
[Result "1-0"]
[WhiteElo "1856"]
[BlackElo "2033"]
[PlyCount "60"]
[EventDate "2013.12.22"]
[EventType "tourn (corr)"]
[EventRounds "6"]
[EventCountry "GER"]
[SourceTitle "Corr 2015"]
[Source "ChessBase"]
[SourceDate "2015.07.17"]
[SourceVersion "1"]
[SourceVersionDate "2015.07.17"]
[SourceQuality "1"]

1. d4 d5 2. c4 c6 3. Nc3 Nf6 4. Nf3 dxc4 5. a4 Bf5 6. e3 e6 7. Bxc4 Bb4 8. Qb3 a5 9. 0-0 Qe7 10. Nh4 Be4 11. Nxe4 Nxe4 12. Nf3 Nd7 13. Bd3 Nef6 14. Bd2 0-0 15. Bxb4 Qxb4 16. Qxb4 axb4 17. Rfc1 Ra5 18. Rc4 Nd5 19. e4 N7b6 20. Rcc1 Nf4 21. Bf1 Rxa4 22. Rxa4 Nxa4 23. Rc4 Nd3 24. Bxd3 Nxb2 25. Rxb4 Nxd3 26. Rb3 Ra8 27. g3 Ra1+ 28. Kg2 Ne1+ 29. Nxe1 Rxe1 30. Rxb7 g5 1-0

[Event "CP-2012-Q-00008"]
[Site "LSS email"]
[Date "2013.12.17"]
[Round "?"]
[White "Pluemmer, Rolf"]
[Black "Lacunza, Mario"]
[Result "1/2-1/2"]
[WhiteElo "2141"]
[BlackElo "1856"]
[PlyCount "56"]
[EventDate "2013.12.22"]
[EventType "tourn (corr)"]
[EventRounds "6"]
[EventCountry "GER"]
[SourceTitle "Corr 2015"]
[Source "ChessBase"]
[SourceDate "2015.07.17"]
[SourceVersion "1"]
[SourceVersionDate "2015.07.17"]
[SourceQuality "1"]

1. e4 e5 2. Nf3 Nf6 3. Nxe5 d6 4. Nf3 Nxe4 5. d4 d5 6. Bd3 Be7 7. 0-0 0-0 8. c4 Nf6 9. Nc3 Nc6 10. h3 Nb4 11. Be2 Be6 12. a3 Nc6 13. c5 Ne4 14. Bb5 Nxc3 15. bxc3 Bf6 16. Re1 Bf5 17. Bf4 Ne7 18. g4 Bd7 19. Bd3 Ng6 20. Bg3 b6 21. Qc2 bxc5 22. dxc5 Re8 23. Nd4 c6 24. Rxe8+ Qxe8 25. Rb1 Be7 26. Re1 Qd8 27. Nb3 Nf8 28. c4 Be6 1/2-1/2

[Event "LSS No Engine Cup 86 Final"]
[Site "LSS email"]
[Date "2013.11.11"]
[Round "?"]
[White "Lacunza, Mario"]
[Black "Pavlicek, Miroslav"]
[Result "1-0"]
[WhiteElo "1856"]
[BlackElo "1553"]
[PlyCount "75"]
[EventDate "2013.11.12"]
[EventType "tourn (corr)"]
[EventRounds "6"]
[EventCountry "GER"]
[SourceTitle "Telechess CBM 167"]
[Source "ChessBase"]
[SourceDate "2015.07.13"]
[SourceVersion "1"]
[SourceVersionDate "2015.07.13"]
[SourceQuality "1"]

1. e4 c6 2. Nf3 d5 3. Nc3 Bg4 4. Be2 e6 5. d4 Nf6 6. h3 Bxf3 7. Bxf3 Bb4 8. e5 Nfd7 9. 0-0 0-0 10. Ne2 Be7 11. Be3 Qc7 12. Bg4 c5 13. c3 Nc6 14. Nf4 cxd4 15. cxd4 Nb6 16. b3 Qd7 17. Nd3 Ba3 18. f4 g6 19. h4 h5 20. Be2 Rac8 21. f5 exf5 22. Bxh5 Be7 23. Qf3 Kg7 24. Nf4 Bxh4 25. g4 Rh8 26. gxf5 gxh5 27. Qg2+ Kh7 28. Qh3 Qe7 29. f6 Rcg8+ 30. Kh2 Qd7 31. e6 fxe6 32. Rg1 Bg3+ 33. Rxg3 Rxg3 34. Kxg3 Qf7 35. Kh2 Qxf6 36. Nxe6 Ne5 37. Rg1 Nf3+ 38. Qxf3 1-0

[Event "LSS No Engine Cup 85 Final"]
[Site "LSS email"]
[Date "2013.10.18"]
[Round "?"]
[White "Lacunza, Mario"]
[Black "Kolanek, Roman"]
[Result "1/2-1/2"]
[WhiteElo "1897"]
[BlackElo "1859"]
[PlyCount "49"]
[EventDate "2013.10.19"]
[EventType "tourn (corr)"]
[EventRounds "6"]
[EventCountry "GER"]
[SourceTitle "Telechess CBM 167"]
[Source "ChessBase"]
[SourceDate "2015.07.13"]
[SourceVersion "1"]
[SourceVersionDate "2015.07.13"]
[SourceQuality "1"]

1. e4 c5 2. Nf3 d6 3. d4 cxd4 4. Nxd4 Nf6 5. Nc3 a6 6. Be3 e5 7. Nb3 Be7 8. Be2 Qc7 9. 0-0 0-0 10. f4 Nbd7 11. a4 b6 12. Bd3 exf4 13. Rxf4 Bb7 14. Nd4 g6 15. Qd2 Ne5 16. Be2 d5 17. exd5 Rad8 18. Rff1 Bxd5 19. Nxd5 Nxd5 20. Bf2 Nc4 21. Bxc4 Qxc4 22. c3 Rfe8 23. Rfe1 Bc5 24. Qg5 b5 25. axb5 1/2-1/2

[Event "CP-2013-P-00016"]
[Site "LSS email"]
[Date "2013.09.30"]
[Round "?"]
[White "Avellan, Gerardo"]
[Black "Lacunza, Mario"]
[Result "1-0"]
[WhiteElo "2033"]
[BlackElo "1856"]
[PlyCount "69"]
[EventDate "2013.10.01"]
[EventType "tourn (corr)"]
[EventRounds "6"]
[EventCountry "GER"]
[SourceTitle "Corr 2015"]
[Source "ChessBase"]
[SourceDate "2015.07.17"]
[SourceVersion "1"]
[SourceVersionDate "2015.07.17"]
[SourceQuality "1"]

1. d4 Nf6 2. c4 e6 3. Nf3 Bb4+ 4. Bd2 Bxd2+ 5. Qxd2 d6 6. Nc3 0-0 7. Rd1 Qe7 8. e4 Nc6 9. Be2 e5 10. dxe5 dxe5 11. h3 Be6 12. Qe3 Rad8 13. 0-0 Rxd1 14. Rxd1 Qb4 15. Rb1 Rd8 16. Nd5 Qa4 17. Bd1 Qa6 18. Bb3 Rc8 19. Nxf6+ gxf6 20. Qh6 Re8 21. Rd1 Bxc4 22. Nh4 Ne7 23. Rd7 Be6 24. Rxc7 Qd6 25. Rxb7 Bxb3 26. Rxb3 Rd8 27. Rg3+ Ng6 28. Nf5 Qf8 29. Qh4 Rd1+ 30. Kh2 Qd8 31. Qh5 Rd7 32. Rb3 Qf8 33. Rc3 Rb7 34. Qe2 Rd7 35. Qa6 1-0

[Event "CP-2013-P-00016"]
[Site "LSS email"]
[Date "2013.09.30"]
[Round "?"]
[White "Lacunza, Mario"]
[Black "Szabo, Vilmos"]
[Result "1/2-1/2"]
[WhiteElo "1856"]
[BlackElo "2276"]
[PlyCount "55"]
[EventDate "2013.10.01"]
[EventType "tourn (corr)"]
[EventRounds "6"]
[EventCountry "GER"]
[SourceTitle "Corr 2015"]
[Source "ChessBase"]
[SourceDate "2015.07.17"]
[SourceVersion "1"]
[SourceVersionDate "2015.07.17"]
[SourceQuality "1"]

1. d4 Nf6 2. c4 e6 3. Nc3 Bb4 4. e3 0-0 5. Nf3 b6 6. Bd2 Bxc3 7. Bxc3 Ne4 8. Rc1 Qe7 9. Bd3 Bb7 10. 0-0 Nxc3 11. Rxc3 d6 12. d5 Na6 13. Qb1 g6 14. b4 Nb8 15. Rfc1 Nd7 16. e4 a5 17. a3 Rfd8 18. c5 bxc5 19. bxc5 Rab8 20. Rb3 Nxc5 21. Rxc5 dxc5 22. Rxb7 Rxb7 23. Qxb7 exd5 24. exd5 c4 25. Bf1 c3 26. Qb3 Qc5 27. Bc4 c6 28. d6 1/2-1/2